| 000 | 00606nam a2200217Ia 4500 | ||
|---|---|---|---|
| 003 | OSt | ||
| 005 | 20251219112519.0 | ||
| 008 | 210210b1968 xxu||||| |||| 00| 0 eng d | ||
| 040 | _cAL | ||
| 041 | _aKannada | ||
| 082 | _a859/2313 | ||
| 100 |
_aKRASHNAMURTI PURANIKA _9138700 _dಕೃಷ್ಣಮೂರ್ತಿ ಪುರಾಣಿಕ |
||
| 245 |
_aHasiru torana _bಹಸಿರು ತೋರಣ |
||
| 260 |
_aBengaluru _bGita Pablikeshans _c1968 |
||
| 300 | _a223 | ||
| 650 |
_atOraNa _9138701 |
||
| 650 |
_aHasiru _9138702 |
||
| 690 |
_aKannada Fiction _9138703 |
||
| 906 | _a026591 | ||
| 942 |
_2ddc _cBK |
||
| 999 |
_c147867 _d147867 |
||